[Event "RSA-chT U14"]
[Site "Cape Town"]
[Date "2016.01.06"]
[Round "5.2"]
[White "Gray, Brandon"]
[Black "George, Bernet"]
[Result "0-1"]
[WhiteElo "1151"]
[BlackElo "1516"]
[PlyCount "46"]
[EventDate "2016.01.04"]
[EventType "team-tourn"]
[EventRounds "7"]
[EventCountry "RSA"]
[SourceTitle "CBM 170 Extra"]
[Source "ChessBase"]
[SourceDate "2016.02.25"]
[SourceVersion "1"]
[SourceVersionDate "2016.02.25"]
[SourceQuality "1"]
[WhiteTeam "Bojanala Platina"]
[BlackTeam "Kenneth Kaunda"]
[WhiteTeamCountry "RSA"]
[BlackTeamCountry "RSA"]

1. d4 d5 2. Nc3 Nc6 3. Bf4 a6 4. Nf3 Bf5 5. a3 Nf6 6. e3 e6 7. Bd3 Bg4 8. h3 Bxf3 9. Qxf3 Bd6 10. Bg5 Be7 11. Bxf6 Bxf6 12. 0-0 0-0 13. Rad1 Qd6 14. Ne2 e5 15. dxe5 Nxe5 16. Qf4 Rad8 17. Be4 Qc5 18. Nc3 dxe4 19. Rxd8 Rxd8 20. Nxe4 Qc6 21. c4 Ng6 22. Nxf6+ Qxf6 23. h4 Nxf4 0-1

[Event "RSA-chT U14"]
[Site "Cape Town"]
[Date "2016.01.05"]
[Round "3.2"]
[White "Gray, Brandon"]
[Black "Nhlapo, Xolani"]
[Result "0-1"]
[WhiteElo "1151"]
[BlackElo "1196"]
[PlyCount "46"]
[EventDate "2016.01.04"]
[EventType "team-tourn"]
[EventRounds "7"]
[EventCountry "RSA"]
[SourceTitle "CBM 170 Extra"]
[Source "ChessBase"]
[SourceDate "2016.02.25"]
[SourceVersion "1"]
[SourceVersionDate "2016.02.25"]
[SourceQuality "1"]
[WhiteTeam "Bojanala Platina"]
[BlackTeam "Johannesburg Metro"]
[WhiteTeamCountry "RSA"]
[BlackTeamCountry "RSA"]

1. d4 d5 2. Nf3 e6 3. a3 c6 4. Nc3 Bd6 5. g3 f5 6. e3 Nf6 7. Bg2 0-0 8. 0-0 Ne4 9. Nxe4 fxe4 10. Ne5 Nd7 11. Bh3 Nxe5 12. dxe5 Bxe5 13. Qh5 Qf6 14. Bd2 Bxb2 15. Bb4 Bxa1 16. Bxf8 Kxf8 17. Qxh7 Be5 18. Qh5 Kg8 19. f4 Bd6 20. Qe8+ Bf8 21. f5 e5 22. Kg2 Qe7 23. Qh5 Qf6 0-1